000 00299nam a22001337a 4500
008 170516b xxu||||| |||| 00| 0 eng d
020 _a9780669397192
041 _aeng
080 _a94
100 _a16
101 _aSHH
245 _aBRITAIN YESRERDAY TODAY
_cARNSSTEUN.W.L
942 _2udc
_cBK
999 _c13336
_d13336